|
|
|
|
| LEADER |
00000nam0a2200000 4500 |
| 001 |
25729 |
| 005 |
20260227113328.0 |
| 010 |
|
|
|a 5235023870
|
| 035 |
|
|
|a (RuTPU)RU\TPU\book\25966
|
| 035 |
|
|
|a BOOK00026041
|
| 090 |
|
|
|a 25729
|
| 100 |
|
|
|a 20011209d2000 m y0rusy50 ca
|
| 101 |
0 |
|
|a rus
|
| 102 |
|
|
|a RU
|
| 105 |
|
|
|a а z 000zb
|
| 200 |
1 |
|
|a Павел I
|f А. М. Песков
|
| 210 |
|
|
|a Москва
|c Молодая гвардия
|d 2000
|
| 215 |
|
|
|a 421 с.
|c ил.
|
| 225 |
1 |
|
|a ЖЗЛ; Серия биографий
|v Вып. 783
|
| 600 |
|
0 |
|a Павел
|d I
|f 1754-1801
|c российский император
|c из династии Романовых
|2 stltpui
|3 (RuTPU)RU\TPU\pers\358
|
| 606 |
|
|
|a Деятели политические и государственные
|x Персоналии
|y Россия
|z 1762-1801
|9 89188
|
| 610 |
1 |
|
|a персоналии
|
| 610 |
1 |
|
|a 18 век
|
| 686 |
|
|
|a Т3(2)513
|2 rubbk
|
| 700 |
|
1 |
|a Песков
|b А. М.
|g Алексей Михайлович
|
| 801 |
|
0 |
|a RU
|b 63413507
|c 20011209
|g PSBO
|
| 801 |
|
2 |
|a RU
|b 63413507
|c 20121204
|g PSBO
|
| 942 |
|
|
|c BK
|